All HermitCraft Members' Minecraft Accounts - Statistics

General Stats
  • This quiz has been taken 8 times
  • The average score is 21 of 60
Answer Stats
Main Acc. Answer % Correct
- GeminiTay
80%
- Grian
80%
- Mumbo
80%
Mumbo MumboJumbo
80%
PearlescentMoon PearlescentMoo
80%
- PearlescentMoon
80%
- Tango
80%
- Zedaph
80%
- ZombieCleo
80%
- impulseSV
60%
- Keralis1
60%
- Smallishbeans
60%
Grian TwoMuchGrian
60%
- Xisuma
60%
Xisuma xisumavoid
60%
- cubfan135
40%
- Docm77
40%
- Etho
40%
- GoodTimeWithScar
40%
- Renthedog
40%
- VintageBeef
40%
- xBCrafted
40%
GeminiTay AriesEva
20%
GoodTimeWithScar BadTimeWithScar
20%
- BdoubleO100
20%
Docm77 CamM77
20%
ZombieCleo Cleophas
20%
cubfan135 Cub_Cam
20%
Docm77 DocCamera
20%
Xisuma EvilXisuma
20%
- falsesymmetry
20%
falsesymmetry falsesymmetry_
20%
Grian Grianch
20%
Welsknight Helsknight
20%
All Hermits HermitcraftAlt
20%
ZombieCleo HumanCleo
20%
- hypnotizd
20%
hypnotizd HypnotizdCam
20%
- iJevin
20%
impulseSV ImpulseCam
20%
iJevin Jevination
20%
iJevin _Jevination_
20%
- joehillssays
20%
joehillssays joehillssees
20%
Keralis1 Kamalis1
20%
Mumbo MumboDrone
20%
Grian NPC_GRIAN
20%
Smallishbeans PiglinMyNose
20%
Renthedog renthebob
20%
Renthedog RentheKing
20%
- Skizzleman
20%
Grian / Smallishbeans SnifferMyFeet
20%
Tango TangoCam
20%
falsesymmetry truesymmetry
20%
VintageBeef VintageB_Roll
20%
BdoubleO100 WellsGlazes
20%
Welsknight WelsCam
20%
- Welsknight
20%
xBCrafted xBCam
20%
Zedaph ZedCam
20%
No matching quizzes found
Score Distribution
Percent of People with Each Score
Percentile by Number Answered
Your Score History
You have not taken this quiz